Solutions of Laplace's equation

Αποθηκεύτηκε σε:
Λεπτομέρειες βιβλιογραφικής εγγραφής
Κύριος συγγραφέας: Bland, D. R. (David Russell)
Μορφή: Βιβλίο
Γλώσσα:English
Δημοσίευση: London : Routledge & Kegan Paul, 1972, c1961
Έκδοση:1st ed., Repr.
Σειρά:Library of mathematics
Θέματα:
Ετικέτες: Προσθήκη ετικέτας
Δεν υπάρχουν, Καταχωρήστε ετικέτα πρώτοι!

MARC

LEADER 00000cam a2200000 i 4500
001 1/9371
008 100714r19721961 eng d
035 |l 10108603 
040 |a GR-MY-UA  |b gre  |e aacr 
041 0 |a eng 
082 0 |a 515.53  |2 (22) 
100 1 |a Bland, D. R.   |q (David Russell) 
245 1 0 |a Solutions of Laplace's equation /  |c by D. R. Bland 
250 |a 1st ed., Repr. 
260 |a London :   |b Routledge & Kegan Paul,   |c 1972, c1961 
300 |a viii, 96 σ.;  |b εικ.;  |c 18 εκ. 
490 1 |a Library of Mathematics 
650 0 0 |a Harmonic functions. 
830 0 |a Library of mathematics 
852 |a INST  |b SAMOS  |c MAG  |e 20100714  |h 515.53 BLA  |p 005300031495  |q 005300031495  |t BK  |y 0 
901 |a BIBL3-2010-2 
909 |a Σ  |b 165855 
970 |a ΣΙΤΖΙΜΗ  |b ΓΙΑΣΕΜΗ  |z 2010/07/14